000 01035nam a22003497a 4500
001 BR2010004479
003 BR-BrBNA
005 20230928103547.0
007 ta
008 230509b bl.||||| |||| 00| 0 por d
040 _aBR-BrBNA
_bpor
_cBiblioteca Nacional de Agricultura
041 _a(Por)
072 _aE14; L01
090 _ E14 BR2010004479
110 1 _aDepartamento Nacional de Cooperativismo e Desenvolvimento Rural, Brasília, DF (Brasil)
_93272
245 1 _aProjeto de apoio à melhoria da produção leiteira- produleite (projeto Tocantins)
260 3 _aBrasília, DF (Brasil):
_c1991.
300 _a56 p.
500 _a30 tables
650 _aBACIA LEITEIRA
650 _aREBANHO
650 _aNUTRIÇÃO ANIMAL
650 _aPASTAGEM NATURAL
650 _aPRODUÇÃO LEITEIRA
650 _aSANIDADE ANIMAL
650 _aHIGIENE VETERINÁRIA
650 _aINSTALAÇÃO PARA ANIMAL
650 _aFINANCIAMENTO
650 _aTOCANTINS
909 _a202309
_bLucia
_c55
_dLucia Elande
942 _cBK
999 _c75614
_d75614